Statistics for Skylarking - XTC

Click here to take the quiz!

General Stats

  • This quiz has been taken 17 times
  • The average score is 6 of 15

Answer Stats

Answer% Correct
Dear God
83%
Grass
67%
Summer's Cauldron
50%
1000 Umbrellas
42%
Earn Enough for Us
42%
That's Really Super, Supergirl
42%
The Meeting Place
42%
Another Satellite
33%
Ballet for a Rainy Day
33%
Big Day
33%
Dying
33%
Sacrificial Bonfire
33%
Season Cycle
33%
The Man Who Sailed Around His Soul
33%
Mermaid Smiled
25%

Score Distribution

Percentile by Number Answered

Percent of People with Each Score

Your Score History

You have not taken this quiz